000 00983nam a22002297a 4500
999 _c1587
_d1587
003 AR-CdUCM
008 190227b ||||| |||| 00| 0 spa d
020 _a8425410770
040 _aMUNICIPALIDAD PROVINCIAL DEL CUSCO
_cBIBLIOTECA MUNICIPAL DEL CUSCO
082 _a331.06 /
_bU95
100 _aUtz, Arthur
_95961
245 _aLas asociaciones patronales y obreras en la economía, la sociedad y el estado :
_bantes del simposio internacional en Friburgo (Suiza) /
260 _aBarcelona :
_bHerder ,
_c1979.
300 _a260 páginas ;
_c22 cm.
440 _aStudia helvetica Friburgensia
_n7
_95962
505 _aEl concepto de partner social en su relación con la economía -- Los diversos aspectos de la responsabilidad económica -- Los sindicatos obreros y las organizaciones empresariales...
650 _aAsociaciones patronales.
_95963
650 _aAsociaciones obreras.
_95964
650 _aPartner social.
_95965
942 _2ddc
_cLIBROS
945 _awfj
_d2019-02-27